000 00581nam a2200229Ia 4500
003 OSt
005 20221007071357.0
006 a|||||r|||| 00| 0
007 ta
008 221006b |||||||| |||| 00| 0 eng d
024 _a14,074
037 _cTextual
040 _aFLL
_cFLL
_beng
041 _2eng
_aeng
082 _aX.5:Z, K2
100 _aBorrie G.J. Au.
_9688633
245 0 _aCommercial law
260 _aLondon
_bButterworths London
_c1962
300 _a248p
_ccm.
942 _hX.5:Z, K2
_cTEXL
_2CC
999 _c1143188
_d1143188